[Event "Titled Tue 26th Aug Early"]
[Site "chess.com INT"]
[Date "2025.08.26"]
[Round "7"]
[White "Swayham, P Das"]
[Black "Donoso Aguirre, Maximiliano"]
[Result "0-1"]
[WhiteTitle "CM"]
[BlackTitle "CM"]
[WhiteElo "2047"]
[BlackElo "1978"]
[WhiteFideId "25611402"]
[BlackFideId "3458920"]
[EventDate "2025.08.26"]

1. d4 d5 2. Nf3 Nf6 3. g3 c6 4. Bg2 h6 5. O-O Bf5 6. c3 e6 7. Qb3 Qb6 8. Bf4
Nbd7 9. Nbd2 Be7 10. Rfe1 O-O 11. h3 Bh7 12. g4 Ne4 13. Nxe4 Bxe4 14. Nd2 Bxg2
15. Kxg2 c5 16. dxc5 Bxc5 17. Bg3 Nf6 18. Qc2 Rac8 19. f3 d4 20. Nc4 Qa6 21. b3
dxc3 22. Qxc3 b5 23. Ne5 Bf2 24. Qxc8 Rxc8 25. Kxf2 Nd5 26. Rac1 b4 27. Kg2 Rxc1
28. Rxc1 Qxe2+ 29. Kh1 Nc3 30. a3 f6 31. axb4 fxe5 32. Rxc3 Qd1+ 0-1

[Event "Titled Tue 26th Aug Early"]
[Site "chess.com INT"]
[Date "2025.08.26"]
[Round "7"]
[White "Parfenov, Viktor N."]
[Black "Kavyev, Ruslan"]
[Result "0-1"]
[WhiteTitle "CM"]
[BlackTitle "FM"]
[WhiteElo "2193"]
[BlackElo "2179"]
[WhiteFideId "4165969"]
[BlackFideId "34110981"]
[EventDate "2025.08.26"]

1. e4 c5 2. Nc3 e6 3. g3 d5 4. exd5 exd5 5. d4 cxd4 6. Qxd4 Nf6 7. Bg5 Nc6 8.
Qa4 Be7 9. Bg2 Be6 10. Nge2 O-O 11. O-O-O Qb6 12. Bxf6 Bxf6 13. Bxd5 Bf5 14.
Bxc6 bxc6 15. Qf4 Rab8 16. b3 Qa5 17. Kb1 Rb4 18. Qd2 Rfb8 19. Nd4 Rxd4 0-1

[Event "Titled Tue 26th Aug Early"]
[Site "chess.com INT"]
[Date "2025.08.26"]
[Round "7"]
[White "Dandeniya, D D L N"]
[Black "Murthy, Pappu"]
[Result "1-0"]
[WhiteTitle "CM"]
[WhiteElo "1985"]
[BlackElo "1836"]
[WhiteFideId "29928818"]
[BlackFideId "2013401"]
[EventDate "2025.08.26"]

1. Nf3 d5 2. g3 Nf6 3. Bg2 e6 4. O-O Bd6 5. d3 O-O 6. Nbd2 c6 7. e4 Nbd7 8. Re1
e5 9. b3 dxe4 10. dxe4 Qe7 11. Bb2 h6 12. a3 a5 13. Nc4 Bc7 14. Nh4 g6 15. Qd2
Kg7 16. f4 Re8 17. Rad1 b5 18. Nd6 Rg8 19. Nhf5+ gxf5 20. Nxf5+ Kf8 21. Nxe7
Kxe7 22. fxe5 Nxe5 23. Qxh6 Bb6+ 24. Bd4 Neg4 25. Qf4 Bxd4+ 26. Rxd4 Be6 27.
Qd6+ 1-0

[Event "Titled Tue 26th Aug Early"]
[Site "chess.com INT"]
[Date "2025.08.26"]
[Round "7"]
[White "Tarhan, Adar"]
[Black "Liang, Awonder"]
[Result "0-1"]
[WhiteTitle "IM"]
[BlackTitle "GM"]
[WhiteElo "2474"]
[BlackElo "2696"]
[WhiteFideId "34544712"]
[BlackFideId "2056437"]
[EventDate "2025.08.26"]

1. e4 b6 2. d4 Bb7 3. Bd3 e6 4. Ne2 d6 5. O-O Nd7 6. c3 g6 7. f4 Ngf6 8. f5 gxf5
9. exf5 Qe7 10. fxe6 fxe6 11. Nf4 O-O-O 12. Re1 e5 13. Bf5 Kb8 14. d5 Rg8 15. c4
Qg7 16. Be6 exf4 17. Bxg8 Qxg8 18. Bxf4 Ne5 19. b3 Nxd5 20. cxd5 Bxd5 21. Bg3
Bg7 22. Na3 h5 23. Qxh5 Bxg2 24. Nc4 Nxc4 25. Kxg2 Bxa1 26. Rxa1 Ne3+ 27. Kg1
Rf8 28. Re1 Nf5 29. Kg2 Qd5+ 30. Kg1 Qc5+ 31. Bf2 Rg8+ 0-1

[Event "Titled Tue 26th Aug Early"]
[Site "chess.com INT"]
[Date "2025.08.26"]
[Round "7"]
[White "Brodowski, Piotr"]
[Black "Janaszak, Dawid"]
[Result "1-0"]
[WhiteTitle "IM"]
[BlackTitle "FM"]
[WhiteElo "2457"]
[BlackElo "2306"]
[WhiteFideId "1124480"]
[BlackFideId "1119206"]
[EventDate "2025.08.26"]

1. e4 e6 2. d4 c5 3. d5 exd5 4. exd5 d6 5. Nc3 Nf6 6. Nf3 Bg4 7. h3 Bxf3 8. Qxf3
Be7 9. Bd3 O-O 10. O-O Nbd7 11. Bf4 Re8 12. a4 Rc8 13. Rfe1 c4 14. Bf5 Qb6 15.
a5 Qc7 16. Nb5 Qb8 17. Rxe7 Rxe7 18. Bxd6 Ne5 19. Qg3 Nh5 20. Qc3 Nf4 21. Re1
Nxd5 22. Qd2 Nf3+ 23. gxf3 Rxe1+ 24. Qxe1 Qa8 25. Bxc8 Qxc8 26. Qe5 Qc6 27. Nd4 1-0

[Event "Titled Tue 26th Aug Early"]
[Site "chess.com INT"]
[Date "2025.08.26"]
[Round "7"]
[White "Morozov, Egor"]
[Black "Siva Kumar, Nirish Kumar"]
[Result "1-0"]
[WhiteTitle "FM"]
[BlackTitle "FM"]
[WhiteElo "2291"]
[BlackElo "2214"]
[WhiteFideId "24102121"]
[BlackFideId "35820802"]
[EventDate "2025.08.26"]

1. e4 c6 2. d4 d5 3. exd5 cxd5 4. Bd3 Nc6 5. c3 Nf6 6. h3 Qc7 7. Nf3 g6 8. O-O
Bf5 9. Be2 e6 10. Be3 h5 11. Nbd2 Bd6 12. c4 Ne4 13. Rc1 O-O-O 14. c5 Bf4 15. b4
Nxb4 16. Qb3 Nc6 17. a4 Rd7 18. Ra1 Nxd2 19. Nxd2 e5 20. Bxf4 Nxd4 21. Qe3 Nxe2+
22. Qxe2 exf4 23. c6 bxc6 24. Nb3 Re7 25. Qd2 f3 26. Rfc1 Rhe8 27. Nd4 Bd7 28.
Nb5 Qe5 29. Nxa7+ Kb7 30. Rab1+ Ka8 31. Qa5 c5 1-0

[Event "Titled Tue 26th Aug Early"]
[Site "chess.com INT"]
[Date "2025.08.26"]
[Round "7"]
[White "Karthik, Sai Ch"]
[Black "Jahnz, Laurin"]
[Result "1-0"]
[WhiteTitle "CM"]
[BlackTitle "CM"]
[WhiteElo "2159"]
[BlackElo "2219"]
[WhiteFideId "46649484"]
[BlackFideId "16261089"]
[EventDate "2025.08.26"]

1. Nf3 d5 2. g3 c5 3. Bg2 Nc6 4. d4 Nf6 5. O-O e6 6. c4 cxd4 7. Nxd4 Be7 8. Nc3
O-O 9. a3 a5 10. cxd5 Nxd5 11. Nxd5 exd5 12. Bf4 Bf6 13. Be3 Be6 14. Rc1 Rc8 15.
Nxe6 fxe6 16. Bh3 Re8 17. Bc5 b6 18. Be3 Bxb2 19. Rb1 Bxa3 20. Bxb6 Qf6 21. Qa4
Bb4 22. Rbc1 Nd4 23. Bxd4 Qxd4 24. Rxc8 Rxc8 25. Bxe6+ Kf8 26. Bxc8 Qc5 27. Qd7
d4 28. Bb7 g6 29. Bd5 Qe7 30. Qxe7+ Kxe7 31. Rd1 Bc3 32. e3 Kd6 33. Bg8 h6 34.
Rxd4+ Bxd4 35. exd4 a4 36. Kg2 a3 37. Kf3 g5 38. Ke3 h5 39. f4 gxf4+ 40. Kxf4
Kc6 41. Kg5 Kb5 42. Kxh5 Kb4 43. g4 Kc3 44. g5 Kxd4 45. g6 Ke5 46. Ba2 Kf6 47.
Kh6 1-0

[Event "Titled Tue 26th Aug Early"]
[Site "chess.com INT"]
[Date "2025.08.26"]
[Round "7"]
[White "Bluebaum, Matthias"]
[Black "Arca, Christian Gian Karlo"]
[Result "1-0"]
[WhiteTitle "GM"]
[BlackTitle "FM"]
[WhiteElo "2660"]
[BlackElo "2407"]
[WhiteFideId "24651516"]
[BlackFideId "5258138"]
[EventDate "2025.08.26"]

1. d4 d5 2. c4 c6 3. Nf3 Nf6 4. Nc3 a6 5. Qc2 dxc4 6. e4 b5 7. Be2 e6 8. O-O Bb7
9. b3 cxb3 10. axb3 Nbd7 11. e5 Nd5 12. Nxd5 cxd5 13. Qd2 Be7 14. Qf4 O-O 15.
Qg4 Re8 16. Bd3 Nf8 17. h4 Rc8 18. h5 Rc3 19. Bh6 g6 20. Rad1 Qc7 21. Ng5 Rxb3
22. hxg6 fxg6 23. Nxe6 Qd7 24. Bf5 Kh8 25. Rc1 Rc8 26. Ng7 gxf5 27. Nxf5 Ng6 28.
Bg7+ Kg8 29. Nh6+ Kxg7 30. Qxd7 Rxc1 31. Nf5+ 1-0

[Event "Titled Tue 26th Aug Early"]
[Site "chess.com INT"]
[Date "2025.08.26"]
[Round "7"]
[White "Pica, Eleni"]
[Black "Sergiienko, Andrii"]
[Result "0-1"]
[WhiteTitle "WCM"]
[WhiteElo "1743"]
[BlackElo "1921"]
[WhiteFideId "5910005"]
[BlackFideId "14194376"]
[EventDate "2025.08.26"]

1. d4 d5 2. Nc3 Nf6 3. Bf4 Bf5 4. Nb5 Na6 5. e3 e6 6. Nf3 c6 7. Nc3 Nb4 8. Rc1
Ne4 9. a3 Nxc3 10. bxc3 Na2 11. Ra1 Nxc3 12. Qd2 Ne4 13. Qc1 Qa5+ 14. Nd2 g5 15.
Bg3 h5 16. h4 Nxg3 17. fxg3 g4 18. Qb2 Bh6 19. Kf2 Qxd2+ 20. Be2 Bxe3+ 21. Kf1
Bd3 22. Re1 Rh6 23. Qxb7 Rf6# 0-1

[Event "Titled Tue 26th Aug Early"]
[Site "chess.com INT"]
[Date "2025.08.26"]
[Round "7"]
[White "Karamsetty, Jeevan"]
[Black "Dicen, Elis Denele"]
[Result "1-0"]
[WhiteTitle "FM"]
[BlackTitle "WFM"]
[WhiteElo "2244"]
[BlackElo "2069"]
[WhiteFideId "2025337"]
[BlackFideId "462560"]
[EventDate "2025.08.26"]

1. e4 c5 2. Nc3 a6 3. g3 b5 4. Bg2 Bb7 5. d3 e6 6. Nh3 Nc6 7. O-O Nf6 8. Be3 d6
9. f4 Be7 10. g4 Qc7 11. g5 Nd7 12. f5 O-O-O 13. fxe6 fxe6 14. Qg4 Nf8 15. Nd5
Ne5 16. Nxe7+ Qxe7 17. Qg3 Nfd7 18. b4 c4 19. d4 Nc6 20. c3 Kb8 21. a4 Rhf8 22.
axb5 Rxf1+ 23. Bxf1 axb5 24. Nf4 h6 25. d5 exd5 26. Nxd5 Qe6 27. Bh3 Qg6 28. Bf5
Qf7 29. Qxd6+ Kc8 30. Qc7# 1-0

[Event "Titled Tue 26th Aug Early"]
[Site "chess.com INT"]
[Date "2025.08.26"]
[Round "7"]
[White "Rustemov, Alexander"]
[Black "Hovakimyan, Vache"]
[Result "1/2-1/2"]
[WhiteTitle "GM"]
[BlackTitle "FM"]
[WhiteElo "2525"]
[BlackElo "2270"]
[WhiteFideId "4119002"]
[BlackFideId "13317288"]
[EventDate "2025.08.26"]

1. d4 Nf6 2. c4 e6 3. Nf3 d5 4. cxd5 exd5 5. Nc3 c6 6. Bf4 Bd6 7. Bxd6 Qxd6 8.
Qc2 O-O 9. e3 Re8 10. Bd3 Qe7 11. O-O Ne4 12. Rae1 Bf5 13. Bxe4 dxe4 14. Nd2 g6
15. d5 Nd7 16. dxc6 bxc6 17. Ne2 Nc5 18. Nd4 Bd7 19. Rd1 Rac8 20. h3 Qg5 21. Kh2
Qe5+ 22. Kh1 Qh5 23. Kh2 Qe5+ 24. Kg1 Qg5 25. Kh2 Qe5+ 1/2-1/2

[Event "Titled Tue 26th Aug Early"]
[Site "chess.com INT"]
[Date "2025.08.26"]
[Round "7"]
[White "Gbiorczyk, Mikolaj"]
[Black "Buksa, Nataliya"]
[Result "0-1"]
[WhiteTitle "CM"]
[BlackTitle "IM"]
[WhiteElo "2070"]
[BlackElo "2400"]
[WhiteFideId "21080763"]
[BlackFideId "14123622"]
[EventDate "2025.08.26"]

1. d4 d5 2. Nc3 Nf6 3. Bf4 a6 4. e3 e6 5. g4 Bd6 6. g5 Ne4 7. Nxe4 dxe4 8. Ne2
b6 9. Qd2 Bb7 10. O-O-O Nd7 11. h4 Qe7 12. Kb1 O-O-O 13. Bg2 Kb8 14. Nc3 f5 15.
gxf6 Nxf6 16. Bg5 Bb4 17. a3 Bxc3 18. Qxc3 h6 19. Bf4 Nd5 20. Qd2 Nxf4 21. exf4
Rhf8 22. Qe3 Qd6 23. Bxe4 Bxe4 24. Qxe4 Rxf4 25. Qe3 Rdf8 26. Rhg1 R8f7 27. Rg6
Rxf2 28. Rxe6 Qd5 29. b3 Kb7 30. Kb2 Rh2 31. Re5 Qc6 32. Rd2 Rxd2 33. Qxd2 Qh1
34. d5 Rf1 35. d6 Rb1+ 36. Kc3 Qc6+ 0-1

[Event "Titled Tue 26th Aug Early"]
[Site "chess.com INT"]
[Date "2025.08.26"]
[Round "7"]
[White "Ocampos, Ian"]
[Black "Zeliantsova, Kseniya"]
[Result "0-1"]
[BlackTitle "WFM"]
[WhiteElo "2195"]
[BlackElo "2062"]
[WhiteFideId "117544"]
[BlackFideId "13512617"]
[EventDate "2025.08.26"]

1. e4 d6 2. d4 Nf6 3. Nc3 g6 4. f4 Bg7 5. Nf3 O-O 6. e5 dxe5 7. fxe5 Nd5 8. h4
Bg4 9. h5 Bxh5 10. Rxh5 gxh5 11. Bd3 f6 12. Qe2 c6 13. Nh4 Nb4 14. Bc4+ Kh8 15.
Qxh5 Qe8 16. Qe2 Nd7 17. Bf4 fxe5 18. dxe5 Rxf4 19. Nf3 Nxc2+ 20. Qxc2 Rxc4 21.
O-O-O Nxe5 22. Rh1 Qg6 23. Qb3 Nd3+ 24. Kd2 Rd8 25. Qxc4 Nxb2+ 0-1

[Event "Titled Tue 26th Aug Early"]
[Site "chess.com INT"]
[Date "2025.08.26"]
[Round "7"]
[White "Liu, Casper"]
[Black "Fiskaaen, Martin Holten"]
[Result "1-0"]
[WhiteTitle "FM"]
[BlackTitle "FM"]
[WhiteElo "2361"]
[BlackElo "2341"]
[WhiteFideId "1454153"]
[BlackFideId "1550233"]
[EventDate "2025.08.26"]

1. d4 Nf6 2. Bf4 d5 3. e3 e6 4. Nf3 Bd6 5. Bg3 O-O 6. c4 dxc4 7. Bxc4 c5 8. Nc3
Nc6 9. dxc5 Bxc5 10. a3 Qe7 11. Qc2 a6 12. O-O b5 13. Bd3 Bb7 14. Bh4 h6 15. Ne4
Bb6 16. Nxf6+ gxf6 17. Rac1 Rac8 18. Qd2 Rfd8 19. e4 Kg7 20. e5 Nxe5 21. Nxe5
Rxc1 22. Rxc1 Bd4 23. Ng4 Rh8 24. Qf4 e5 25. Bxf6+ Kg8 26. Nxh6+ Kf8 27. Bxe7+ 1-0

[Event "Titled Tue 26th Aug Early"]
[Site "chess.com INT"]
[Date "2025.08.26"]
[Round "7"]
[White "Buchenau, Frank"]
[Black "Kurpiewski, Slawomir"]
[Result "1-0"]
[WhiteTitle "FM"]
[BlackTitle "CM"]
[WhiteElo "2205"]
[BlackElo "1973"]
[WhiteFideId "4604350"]
[BlackFideId "1114530"]
[EventDate "2025.08.26"]

1. e4 e5 2. Bc4 Nf6 3. d3 c6 4. Nf3 d5 5. Bb3 Bd6 6. exd5 Nxd5 7. Nbd2 O-O 8.
Ne4 Bc7 9. O-O h6 10. d4 exd4 11. Qxd4 Bb6 12. Qd1 Bg4 13. h3 Bh5 14. Ng3 Bg6
15. Ne5 Bh7 16. Qg4 Kh8 17. Nh5 g6 18. Bxh6 Nd7 19. Bxf8 Qxf8 20. Nxd7 Qh6 21.
Nxb6 axb6 22. Bxd5 gxh5 23. Qd4+ f6 24. Bb3 Bf5 25. Rfe1 Qg5 26. h4 Qg7 27. Qf4
Bh3 28. Qg3 Qxg3 29. fxg3 Bg4 30. Re7 Ra7 31. Rae1 b5 32. Rf1 f5 33. Rf2 c5 34.
Rd2 c4 35. Rd8# 1-0

[Event "Titled Tue 26th Aug Early"]
[Site "chess.com INT"]
[Date "2025.08.26"]
[Round "7"]
[White "Pandey, Srishti"]
[Black "Skliarov, Viktor"]
[Result "0-1"]
[WhiteTitle "WIM"]
[BlackTitle "IM"]
[WhiteElo "2202"]
[BlackElo "2334"]
[WhiteFideId "35093290"]
[BlackFideId "14106736"]
[EventDate "2025.08.26"]

1. e4 c5 2. Nf3 Nc6 3. d4 cxd4 4. Nxd4 Nf6 5. Nc3 e5 6. Ndb5 d6 7. Nd5 Nxd5 8.
exd5 Nb8 9. a4 a6 10. Na3 Be7 11. Be2 O-O 12. O-O f5 13. f4 exf4 14. Bxf4 Bg5
15. Nc4 Bxf4 16. Rxf4 Nd7 17. a5 Nf6 18. Qd4 Bd7 19. Nxd6 Qc7 20. Nxf5 Bxf5 21.
Rxf5 Qxc2 22. Bd3 Qb3 23. Bc4 Qb4 24. b3 Kh8 25. h3 Rae8 26. Re5 Rxe5 27. Qxe5
Re8 28. Qd4 Re1+ 29. Rxe1 Qxe1+ 30. Kh2 Qxa5 31. d6 Qd8 32. Be6 g5 33. Qe5 h6
34. g4 Kg7 35. h4 Kf8 36. hxg5 hxg5 37. Qxg5 Qxd6+ 38. Kh3 Qxe6 39. Qc5+ Qe7 40.
Qc8+ Kg7 41. g5 Qd7+ 42. Qxd7+ Nxd7 43. Kg4 Nc5 0-1

[Event "Titled Tue 26th Aug Early"]
[Site "chess.com INT"]
[Date "2025.08.26"]
[Round "7"]
[White "Xiong, Jeffery"]
[Black "Naroditsky, Daniel"]
[Result "1-0"]
[WhiteTitle "GM"]
[BlackTitle "GM"]
[WhiteElo "2650"]
[BlackElo "2619"]
[WhiteFideId "2047640"]
[BlackFideId "2026961"]
[EventDate "2025.08.26"]

1. e4 e5 2. Nf3 Nc6 3. Bc4 Nf6 4. d3 h6 5. c3 g5 6. b4 d6 7. Qb3 Qe7 8. a4 Bg7
9. a5 a6 10. Nbd2 Nd8 11. Nf1 g4 12. Ng1 h5 13. Bg5 Ne6 14. h4 d5 15. exd5 Nxg5
16. hxg5 Nd7 17. d6 cxd6 18. Ne3 Kd8 19. Bxf7 Qxg5 20. Ne2 h4 21. Qe6 g3 22.
Nxg3 hxg3 23. Rxh8+ Bxh8 24. Nd5 1-0

[Event "Titled Tue 26th Aug Early"]
[Site "chess.com INT"]
[Date "2025.08.26"]
[Round "7"]
[White "Torres Rebolledo, Alvaro"]
[Black "Arya G Mallar"]
[Result "1-0"]
[WhiteTitle "FM"]
[BlackTitle "WCM"]
[WhiteElo "2327"]
[BlackElo "2112"]
[WhiteFideId "54587670"]
[BlackFideId "25115324"]
[EventDate "2025.08.26"]

1. Nf3 Nf6 2. g3 c5 3. Bg2 Nc6 4. O-O d5 5. d4 cxd4 6. Nxd4 e5 7. Nxc6 bxc6 8.
c4 Be6 9. Nc3 Be7 10. Bg5 e4 11. cxd5 cxd5 12. Qa4+ Bd7 13. Qd4 Be6 14. Rfd1 O-O
15. Rac1 Qa5 16. Qd2 Rfd8 17. e3 Qb6 18. Ne2 Rab8 19. b3 Bb4 20. Qd4 Qxd4 21.
Nxd4 Ba3 22. Rc6 Rbc8 23. Nxe6 Rxc6 24. Nxd8 Rc8 25. Bxf6 gxf6 26. Rxd5 Rc1+ 27.
Bf1 Rc2 28. Bc4 Rxa2 29. Rd7 1-0

[Event "Titled Tue 26th Aug Early"]
[Site "chess.com INT"]
[Date "2025.08.26"]
[Round "7"]
[White "Lotero, Faiber"]
[Black "Izafatava, Kira"]
[Result "1-0"]
[WhiteTitle "FM"]
[BlackTitle "WCM"]
[WhiteElo "2127"]
[BlackElo "1945"]
[WhiteFideId "4404190"]
[BlackFideId "13521705"]
[EventDate "2025.08.26"]

1. d4 d5 2. c4 dxc4 3. e4 Nf6 4. e5 Nd5 5. Bxc4 Nb6 6. Bb3 c5 7. Qf3 c4 8. Bc2
Qxd4 9. Ne2 Qxe5 10. Nc3 Qf6 11. Qe4 Bd7 12. Qxb7 Bc6 13. Qc7 Qd6 14. Qxd6 exd6
15. Bf4 Bxg2 16. Rg1 Bb7 17. O-O-O N8d7 18. Nb5 Rc8 19. Bxd6 f6 20. Nf4 Kf7 21.
Bf5 Bc6 22. Be6+ Ke8 23. Bxf8 Kxf8 24. Nd6 Rd8 25. Nf7 Ke7 26. Nxh8 Rxh8 27.
Rxg7+ Ke8 28. Bg4 Ne5 29. Bh5+ Kf8 30. Ne6# 1-0

[Event "Titled Tue 26th Aug Early"]
[Site "chess.com INT"]
[Date "2025.08.26"]
[Round "7"]
[White "Janukshan, B"]
[Black "Sava, Robert-Gabriel"]
[Result "0-1"]
[WhiteTitle "CM"]
[BlackTitle "CM"]
[WhiteElo "1944"]
[BlackElo "2121"]
[WhiteFideId "29945399"]
[BlackFideId "1265725"]
[EventDate "2025.08.26"]

1. Nf3 e6 2. b3 Nf6 3. Bb2 d5 4. g3 Be7 5. Bg2 O-O 6. O-O c5 7. d4 Nc6 8. dxc5
Bxc5 9. Nbd2 Qb6 10. Ne5 Nxe5 11. Bxe5 Ng4 12. Nf3 Bxf2+ 13. Kh1 Nxe5 14. Nxe5
Bd4 15. Ng4 Bxa1 16. Qxa1 f6 17. c4 dxc4 18. bxc4 e5 19. Rb1 Qc5 20. Bd5+ Kh8
21. Rb5 Qc7 22. Nf2 Rb8 23. Nd3 Bd7 24. Rb4 Bc6 25. e4 f5 26. exf5 Rxf5 0-1

[Event "Titled Tue 26th Aug Early"]
[Site "chess.com INT"]
[Date "2025.08.26"]
[Round "7"]
[White "Manukian, Artak"]
[Black "Gutierrez Carmona, Juan Alejandro"]
[Result "1-0"]
[BlackTitle "FM"]
[WhiteElo "2104"]
[BlackElo "2036"]
[WhiteFideId "13301373"]
[BlackFideId "5106770"]
[EventDate "2025.08.26"]

1. e4 e5 2. Nf3 Nf6 3. Nxe5 d6 4. Nf3 Nxe4 5. Nc3 Nxc3 6. dxc3 Be7 7. Be3 O-O 8.
Qd2 Nd7 9. O-O-O c6 10. Bd3 d5 11. h4 Nf6 12. h5 Ne4 13. Qe1 Qa5 14. Kb1 Bg4 15.
h6 g6 16. Bd4 Rfe8 17. Bxe4 Bd6 18. c4 Qxe1 19. Rdxe1 dxe4 20. Nd2 f5 21. c5 Bf8
22. Nc4 Rad8 23. c3 f4 24. Kc1 Rd5 25. b4 Re6 26. Rh4 Bf5 27. Rxf4 1-0

[Event "Titled Tue 26th Aug Early"]
[Site "chess.com INT"]
[Date "2025.08.26"]
[Round "7"]
[White "Kalyani Sirin"]
[Black "Atzl, Florian"]
[Result "0-1"]
[WhiteTitle "WFM"]
[BlackTitle "CM"]
[WhiteElo "2162"]
[BlackElo "2146"]
[WhiteFideId "33323500"]
[BlackFideId "1635891"]
[EventDate "2025.08.26"]

1. e4 c5 2. Nf3 e6 3. d4 cxd4 4. Nxd4 a6 5. c4 Nf6 6. Nc3 Qc7 7. Be3 b6 8. Bd3
Bb7 9. O-O d6 10. Rc1 Nbd7 11. f4 Be7 12. Kh1 Rc8 13. b3 Qb8 14. f5 e5 15. Nf3
Qa8 16. Nd5 Bxd5 17. cxd5 O-O 18. Qe2 b5 19. h3 Nh5 20. Qf2 Rxc1 21. Rxc1 Rc8
22. Rg1 Rc3 23. Ne1 Qd8 24. g4 Bh4 25. Qd2 Ng3+ 26. Kh2 b4 27. Rxg3 Bxg3+ 28.
Kxg3 h5 29. g5 Qc7 30. Nf3 Nc5 31. Bxc5 Qxc5 32. Bc4 Qg1+ 33. Qg2 h4+ 0-1

[Event "Titled Tue 26th Aug Early"]
[Site "chess.com INT"]
[Date "2025.08.26"]
[Round "7"]
[White "Alazmi, Amani"]
[Black "Purygin, Andrei"]
[Result "0-1"]
[WhiteTitle "WCM"]
[BlackTitle "FM"]
[WhiteElo "1745"]
[BlackElo "2309"]
[WhiteFideId "10303553"]
[BlackFideId "24111180"]
[EventDate "2025.08.26"]

1. c4 Nf6 2. Nc3 e5 3. g3 d5 4. cxd5 Nxd5 5. Bg2 Be6 6. Nf3 Nc6 7. d3 Qd7 8. O-O
f6 9. Bd2 O-O-O 10. a4 g5 11. a5 Nxc3 12. bxc3 Bh3 13. a6 b6 14. Qa4 Bxg2 15.
Kxg2 h5 16. d4 exd4 17. cxd4 Nxd4 18. Qxd7+ Rxd7 19. Nxd4 Rxd4 20. Bc3 Rd6 21.
Rfd1 Rxd1 22. Rxd1 Be7 23. Rd3 Rd8 24. Re3 Kd7 25. Rd3+ Kc6 26. Re3 Rd7 27. Re6+
Kb5 28. Bxf6 Bxf6 29. Rxf6 c5 30. Rf5 Rg7 31. e4 Kxa6 32. e5 c4 33. e6 Re7 34.
Rxg5 c3 35. Rd5 c2 36. Rd7 c1=Q 37. Rxe7 Qc5 38. Rf7 Qc6+ 39. Rf3 Qxe6 40. h3
Qe4 41. h4 Kb5 0-1

[Event "Titled Tue 26th Aug Early"]
[Site "chess.com INT"]
[Date "2025.08.26"]
[Round "7"]
[White "Marcziter, Dmitrii"]
[Black "Kiseleva, Arina"]
[Result "1-0"]
[WhiteTitle "FM"]
[BlackTitle "WCM"]
[WhiteElo "2188"]
[BlackElo "2006"]
[WhiteFideId "13900765"]
[BlackFideId "4164989"]
[EventDate "2025.08.26"]

1. d4 Nf6 2. Nf3 e6 3. c4 Bb4+ 4. Nbd2 O-O 5. a3 Bxd2+ 6. Bxd2 Ne4 7. Bf4 b6 8.
e3 Bb7 9. Be2 d6 10. h3 Nd7 11. Qc2 f5 12. O-O Qe7 13. b4 e5 14. Bh2 Ng5 15. d5
b5 16. Nxg5 Qxg5 17. f4 exf4 18. exf4 Qf6 19. Rad1 bxc4 20. Bxc4 Nb6 21. Bb3
Rac8 22. Rfe1 Qf7 23. Qd3 Rfe8 24. Bg3 Rxe1+ 25. Bxe1 Re8 26. Bf2 Re4 27. g3 h5
28. Kh2 h4 29. g4 Rxf4 30. Bxh4 fxg4 31. Bc2 Rf3 32. Qh7+ Kf8 33. Qh8+ Qg8 34.
Be7+ Kf7 35. Bg6+ Kxg6 36. Qxg8 Rxh3+ 37. Kg2 1-0

[Event "Titled Tue 26th Aug Early"]
[Site "chess.com INT"]
[Date "2025.08.26"]
[Round "7"]
[White "Mohmad Bashiq Imrose"]
[Black "Daulet, Alikhan"]
[Result "0-1"]
[WhiteTitle "CM"]
[BlackTitle "CM"]
[WhiteElo "2120"]
[BlackElo "2158"]
[WhiteFideId "25654489"]
[BlackFideId "13741632"]
[EventDate "2025.08.26"]

1. d4 d5 2. c4 e6 3. Nf3 Nf6 4. g3 Bb4+ 5. Bd2 Be7 6. Bg2 c6 7. O-O Nbd7 8. Bc3
Ne4 9. Qc2 f5 10. Nbd2 h5 11. Nxe4 fxe4 12. Ne5 Nxe5 13. dxe5 h4 14. Rad1 hxg3
15. fxg3 Bc5+ 16. Bd4 Bxd4+ 17. Rxd4 Qg5 18. Rf4 Qxe5 19. e3 Bd7 20. Qd2 O-O-O
21. Qa5 Qh5 22. Qxa7 Qxh2+ 23. Kf2 e5 24. cxd5 exf4 25. Qa8+ Kc7 26. d6+ Kb6 27.
Rb4+ Kc5 28. Qa5+ b5 29. exf4 e3+ 30. Kxe3 Qxg3+ 31. Bf3 Rhe8+ 32. Kd2 Qf2+ 33.
Kc1 Qe1+ 34. Bd1 Qxb4 35. Qa7+ Kxd6 0-1

[Event "Titled Tue 26th Aug Early"]
[Site "chess.com INT"]
[Date "2025.08.26"]
[Round "7"]
[White "Gomes, Luiz Alexandre de Souza"]
[Black "Li, Yilin"]
[Result "1-0"]
[WhiteTitle "FM"]
[BlackTitle "WFM"]
[WhiteElo "2254"]
[BlackElo "1921"]
[WhiteFideId "2102790"]
[BlackFideId "8610410"]
[EventDate "2025.08.26"]

1. e4 e5 2. Nf3 Nc6 3. Bb5 a6 4. Ba4 Nf6 5. O-O Be7 6. Re1 O-O 7. Bb3 d6 8. c3
Bg4 9. h3 Bh5 10. d3 h6 11. Nbd2 b5 12. Nf1 Na5 13. Bc2 c5 14. Ng3 Bg6 15. Nh4
Bh7 16. Nhf5 Re8 17. Qf3 Bf8 18. Be3 d5 19. exd5 Nxd5 20. Bd2 Nf6 21. Rad1 Kh8
22. Bc1 Ra7 23. b4 cxb4 24. cxb4 Bxb4 25. Bd2 Bxd2 26. Rxd2 Qd5 27. Qe3 Rc7 28.
Qb6 Rec8 29. Qxa5 Rxc2 30. Ne7 Qc5 31. Nxc8 Rxd2 32. Qxd2 Qxc8 33. Rxe5 Qd7 34.
Qe3 Bxd3 35. Re7 Qd5 36. Ra7 Qc4 37. Rxa6 b4 38. Ra8+ Kh7 39. Rd8 Bg6 40. Qd2
Qxa2 41. Qxa2 1-0